LEADER 01480nam a2200253 i 4500 001 000000183366 003 CaOOAMICUS 005 20240118114338.0 008 091112s1940 it u000 u ita u 040 $aSeMil$bita 100 1 $aBognetti, Gian Piero,$d<1902-1963>.$0(OLS)http://semarc/name/9672 245 13$aLe origini della consacrazione del vescovo di Pavia da parte del pontefice romano e la fine dell'arianesimo presso i Longobardi :$bEstratto da Atti e Memorie del Quarto Congresso Storico Lombardo (Pavia 1939 - 17.) /$cG.P. Bognetti. 264 1$aMilano :$bGiuffrè,$c1940. 300 $a69 p. ;$c25 cm. 650 4$aLongobardi - Storia religiosa.$0(OLS)http://semarc/subject/54980 650 4$aArianesimo.$0(OLS)http://semarc/subject/608 650 4$aPavia - Episcopato - Storia.$0(OLS)http://semarc/subject/52911 650 4$aVescovi - Storia.$0(OLS)http://semarc/subject/1337 711 0 $aCongresso storico lombardo <4 ; 1939 ; Pavia>.$0(OLS)http://semarc/name/116582 850 $aSeMil 852 $aSeMil$W1$xVenegono$y1$m3E III 135$j134066$B134066$CSeMilBibl$Z2$F145709 $81 996 $6245$aLe origini della consacrazione del vescovo di Pavia da parte del pontefice romano e la fine dell'arianesimo presso i Longobardi :$bEstratto da Atti e Memorie del Quarto Congresso Storico Lombardo (Pavia 1939 - 17.)$9(OLS)http://semarc/title/263169 996 $6264$aMilano :$bGiuffrè$9(OLS)http://semarc/publisher/29926 LEADER 01370nam a2200301 i 4500 001 000000067079 003 CaOOAMICUS 005 20041005000000.0 008 041005s1994 it u000 u ita u 013 $a38251 020 $a88-86187-12-2 040 $aSeMil$bita 100 1 $aBertoldi Lenoci, Liana.$0(OLS)http://semarc/name/33608 245 13$aLa pia memoria :$bil culto dei defunti nell'iconografia di piccolo formato /$cLiana Bertoldi Lenoci [e] Vincenza Musardo Talò. 260 $aManduria (TA) :$bBarbieri,$ccopyr. 1994. 300 $a177 p. :$briccamente ill. ;$c22x24 cm. 490 0 $aCataloghi ;$v4 500 $aContiene : Bibliografia. - Dono di Mons. Antonio Rimoldi. 650 4$aImmagini sacre.$0(OLS)http://semarc/subject/6118 650 4$aMorte.$0(OLS)http://semarc/subject/6140 700 1 $aMusardo Talò, Vincenza.$0(OLS)http://semarc/name/33609 830 0$aCataloghi ;$v4.$0(OLS)http://semarc/title/11587 850 $aSeMil 852 $aSeMil$W1$xVenegono$y1$m5H XVI 119$j33232$B33232$CSeMilBibl$Z2$F33235 $81 961 $aOmaggio: Rimoldi mons. Antonio 996 $6020$a88-86187-12-2$9(OLS)http://semarc/number/44893 996 $6245$aLa pia memoria :$bil culto dei defunti nell'iconografia di piccolo formato$9(OLS)http://semarc/title/106840 996 $6260$aManduria (TA) :$bBarbieri$9(OLS)http://semarc/publisher/31131